[Event "Eivissa Insular-ch"]
[Site "Eivissa"]
[Date "2014.11.22"]
[Round "4"]
[White "Hernandez Pena, Juan Ignacio"]
[Black "Prohens Costa, Armando"]
[Result "0-1"]
[WhiteElo "1310"]
[BlackElo "1625"]
[PlyCount "84"]
[EventDate "2014.10.25"]
[EventType "swiss"]
[EventRounds "7"]
[EventCountry "ESP"]
[SourceTitle "EXT 2016"]
[Source "ChessBase"]
[SourceDate "2015.10.08"]
[SourceVersion "1"]
[SourceVersionDate "2015.10.08"]
[SourceQuality "1"]

1. d4 Nf6 2. c4 g6 3. Nc3 Bg7 4. Bf4 d6 5. e3 0-0 6. Bd3 c5 7. d5 Nh5 8. Qd2 Nxf4 9. exf4 Nd7 10. Nf3 Nf6 11. h3 e6 12. g4 exd5 13. g5 Re8+ 14. Ne2 Ne4 15. Qc1 d4 16. Qc2 Bf5 17. Nd2 Qe7 18. Rh2 Nxd2 19. Kxd2 Bxd3 20. Qxd3 Qe4 21. f3 Qxd3+ 22. Kxd3 Re3+ 23. Kd2 Rxf3 24. Re1 Re3 25. Nc1 Rxe1 26. Kxe1 Re8+ 27. Re2 Rxe2+ 28. Kxe2 h6 29. h4 f6 30. Nd3 hxg5 31. hxg5 fxg5 32. fxg5 Be5 33. Kf3 Kf7 34. b4 b6 35. b5 Ke6 36. Ke4 Bh2 37. Nf2 Bg1 38. Nh3 Be3 39. a3 Bc1 40. a4 Be3 41. Nf4+ Bxf4 42. Kxf4 d5 0-1